00498nam a2200217Ia 4500008004100000020001500041050001100056050001300067100001900080245001600099245002200115260001800137260001100155260000900166300001600175300002000191300001000211650002100221650002700242700001100269171120s9999 xx 000 0 und d a9712712125 a899.21 bZ17 2002 aZafra, Jessica aTwisted 6 / cby Jessica Zafra. aPhilippines : bAnvil, c2002 a248 pages : billustrations ; c22cm. aShort stories -- xPhilippines (English). aTitle.